10 największych wsi w woj. Mazowieckim - Statystyki

Ogólne statystyki
  • Ten quiz został rozwiązany 34 razy
  • Średni wynik to 3 z 10
Statystyki odpowiedzi
Ludność Powiat Nazwa wsi % Poprawnych
8 176 legionowski Jabłonna
67%
7 477 pruszkowski Raszyn
63%
4 103 pruszkowski Nadarzyn
44%
4 991 otwocki Celestynów
30%
4 570 pruszkowski Komorów
30%
5 514 ostrowski Małkinia Górna
26%
7 130 piaseczyński Józefosław
19%
4 263 ostrołęcki Kadzidło
19%
5 266 legionowski Chotomów
15%
5 129 pruszkowski Rybie
0%
Nie znaleziono quizów pasujących do podanych kryteriów
Rozkład punktacji
Procent ludzi z każdym wynikiem
Percentyl według liczby udzielonych odpowiedzi
Twoja historia wyników
Nie rozwiązałeś tego quizu